All Jack Johnson Songs - Statistics

General Stats
  • This quiz has been taken 121 times
  • The average score is 29 of 135
Answer Stats
Album Song % Correct
In Between Dreams Banana Pancakes
87%
Sing-A-Longs and Lullabies for the Film Curious George Upside Down
74%
In Between Dreams Better Together
69%
Brushfire Fairytales Bubble Toes
57%
In Between Dreams Good People
56%
Brushfire Fairytales Flake
55%
In Between Dreams Sitting, Waiting, Wishing
53%
On and On Taylor
51%
In Between Dreams Constellations
48%
In Between Dreams Do You Remember
48%
In Between Dreams Belle
44%
In Between Dreams Breakdown
43%
In Between Dreams Never Know
38%
From Here to Now to You I Got You
37%
In Between Dreams If I Could
36%
On and On Traffic in the Sky
36%
From Here to Now to You Washing Dishes
36%
From Here to Now to You | Sleep Through the Static Home
35%
Sleep Through the Static Angel
34%
Brushfire Fairytales Inaudible Melodies
34%
Sleep Through the Static Sleep Through the Static
34%
In Between Dreams Staple It Together
34%
To the Sea To the Sea
34%
Brushfire Fairytales Mudfootball
33%
On and On Times Like These
31%
In Between Dreams Crying Shame
30%
To the Sea You and Your Heart
30%
This Warm December: A Brushfire Holiday Vol. 2 Angel (Holiday)
29%
Brushfire Fairytales F-Stop Blues
29%
Sleep Through the Static Hope
29%
Sleep Through the Static If I Had Eyes
29%
In Between Dreams No Other Way
28%
From Here to Now to You Shot Reverse Shot
28%
In Between Dreams Situations
28%
On and On Rodeo Clowns
27%
Brushfire Fairytales Fortunate Fool
26%
On and On Gone
26%
Brushfire Fairytales Sexy Plexi
26%
Sleep Through the Static Go On
24%
From Here to Now to You Ones and Zeros
24%
From Here to Now to You Tape Deck
24%
Sing-A-Longs and Lullabies for the Film Curious George The 3 R's
24%
Brushfire Fairytales Posters
23%
Brushfire Fairytales The News
23%
On and On Cookie Jar
22%
Brushfire Fairytales Middle Man
22%
To the Sea My Little Girl
22%
From Here to Now to You Radiate
22%
On and On Wasting Time
22%
Sing-A-Longs and Lullabies for the Film Curious George Broken
21%
Brushfire Fairytales Drink the Water
21%
All the Light Above It Too Sunsets for Somebody Else
21%
Sleep Through the Static All at Once
20%
To the Sea At or with Me
20%
Brushfire Fairytales It's All Understood
20%
Brushfire Fairytales Losing Hope
20%
To the Sea Only the Ocean
20%
From Here to Now to You As I Was Saying
19%
On and On Cocoon
19%
On and On Holes to Heaven
19%
From Here to Now to You Never Fade
19%
Sing-A-Longs and Lullabies for the Film Curious George Talk of the Town
19%
On and On The Horizon Has Been Defeated
19%
On and On Tomorrow Morning
19%
Sing-A-Longs and Lullabies for the Film Curious George We're Going to Be Friends
19%
Sleep Through the Static Adrift
17%
On and On Cupid
17%
To the Sea From the Clouds
17%
Instant Karma: The Amnesty International Campaign to Save Darfur Imagine
17%
Sing-A-Longs and Lullabies for the Film Curious George People Watching
17%
To the Sea Red Wine, Mistakes, Mythology
17%
On and On Symbol in My Driveway
17%
From Here to Now to You You Remind Me of You
17%
All the Light Above It Too Big Sur
16%
From Here to Now to You Don't Believe a Thing I Say
16%
Sing-A-Longs and Lullabies for the Film Curious George Jungle Gym
16%
Sleep Through the Static Losing Keys
16%
On and On Mediocre Bad Guys
16%
All the Light Above It Too My Mind Is for Sale
16%
To the Sea Pictures of People Taking Pictures
16%
Sleep Through the Static Same Girl
16%
All the Light Above It Too Subplots
16%
Sing-A-Longs and Lullabies for the Film Curious George Wrong Turn
16%
From Here to Now to You Change
15%
On and On Dreams Be Dreams
15%
All the Light Above It Too Love Song #16
15%
Sing-A-Longs and Lullabies for the Film Curious George Lullaby
15%
Sleep Through the Static Monsoon
15%
To the Sea No Good with Faces
15%
Sing-A-Longs and Lullabies for the Film Curious George Questions
15%
Sing-A-Longs and Lullabies for the Film Curious George Supposed to Be
15%
Sing-A-Longs and Lullabies for the Film Curious George The Sharing Song
15%
To the Sea The Upsetter
15%
On and On Fall Line
14%
Sleep Through the Static They Do, They Don't
14%
Sleep Through the Static What You Thought You Need
14%
To the Sea When I Look Up
14%
Jack Johnson and Friends - Best of Kokua Festival A Pirate Looks at Forty
13%
All the Light Above It Too Daybreaks
12%
Single Don't Let Me Down
12%
Sleep Through the Static Enemy
12%
All the Light Above It Too Fragments
12%
All the Light Above It Too Is One Moon Enough?
12%
This Warm December: A Brushfire Holiday Vol. 3 New Axe
12%
All the Light Above It Too Seasick Dream
12%
To the Sea Anything but the Truth
10%
Jack Johnson and Friends - Best of Kokua Festival Cry! Cry! Cry!
10%
All the Light Above It Too Gather
10%
To the Sea Turn Your Love
10%
Sing-A-Longs and Lullabies for the Film Curious George With My Own Two Hands
10%
All the Light Above It Too You Can't Control It
10%
Sleep Through the Static While We Wait
9%
The Secret Life of Walter Mitty (Soundtrack) Escape (The Piña Colada Song)
8%
Some Live Songs Free
8%
This Warm December: A Brushfire Holiday Vol. 2 In the Morning
8%
En Concert Rainbow / Buddha
8%
This Warm December: A Brushfire Holiday Vol. 1 Someday at Christmas
8%
Jack Johnson and Friends - Best of Kokua Festival Welcome to Jamrock
8%
All the Light Above It Too Willie Got Me Stoned
8%
Stockings by the Fire Rudolph the Red-Nosed Reindeer
7%
Jack Johnson and Friends - Best of Kokua Festival Take It Easy
7%
Jack Johnson and Friends - Best of Kokua Festival I Shall Be Released
6%
Jack Johnson and Friends - Best of Kokua Festival Island Style
6%
Look at All the Love We Found Badfish / Bad D.J.
5%
Jack Johnson and Friends - Best of Kokua Festival Blue Eyes Crying in the Rain
5%
Jack Johnson and Friends - Best of Kokua Festival Further on Down the Road
5%
A Brokedown Melody (Soundtrack) Let It Be Sung
5%
I'm Not There: Original Soundtrack Mama, You've Been on My Mind / A Fraction of Last Thoughts on Woody Guthrie
5%
Some Live Songs Sunshine
5%
Some Live Songs Heading Home
3%
En Concert Hi Tide, Low Tide
3%
Thicker than Water (Soundtrack) The Cove
3%
El Mar, Mi Alma (Soundtrack) Farewell
2%
Some Live Songs Girl I Wanna Lay Down
1%
No matching quizzes found
Score Distribution
Percent of People with Each Score
Percentile by Number Answered
Your Score History
You have not taken this quiz